| 000 | 00634nam a2200229Ia 4500 | ||
|---|---|---|---|
| 001 | 16918 | ||
| 003 | GE_BSU | ||
| 008 | 181216s||||||||xx |||||||||||||| ||und|| | ||
| 040 | _cGE_BSU | ||
| 080 | _a821.353.1-31 | ||
| 100 | _aდავლიანიძე, ჯემალ | ||
| 245 | _aშემობრუნება | ||
| 245 | _bრომანი | ||
| 245 | _cრედ.ლ.არაბიძე | ||
| 260 | _aთბილისი | ||
| 260 | _bმერანი | ||
| 260 | _c1984 | ||
| 300 | _a188გვ. ; 22სმ | ||
| 653 | _aრომანი | ||
| 653 | _aშემობრუნება | ||
| 942 | _cBK | ||
| 999 |
_c49982 _d49982 |
||